• 首页
  • 本馆介绍
  • 公告通知
  • 最新文献
  • 馆藏检索
  • 电子资源
  • 读者导购
  • 参考咨询
  • 我的图书馆
  • 登录
  • 详细信息显示
  • 放入我的书架
  • 预约/预借图书
  • 作者相关作品
  • 分类相关作品
  • 丛书相关作品
  • 出版社相关作品

书目信息

  • 表格格式
  • 工作单格式
  • 卡片格式
题名:
大气物理学
    
 
作者: 盛裴轩 编著
分册:  
出版信息: 北京   北京大学出版社  2017重印
页数: 551页
开本: 26cm
丛书名:
单 册:
中图分类: P401
科图分类:
主题词: 大气物理学--Da Qi Wu Li Xue--高等教育--教材
电子资源:
ISBN: 978-7-301-23235-4
000 00977nam0 2200277 45
001 012001000255
005 20191108094156.50
010    @a978-7-301-23235-4@dCNY69.00
099    @aCAL 012013130179
100    @a20131022d2013 em y0chiy50 ea
101 0  @achi
102    @aCN@b110000
105    @aak a 000yy
106    @ar
200 1  @a大气物理学@ADa Qi Wu Li Xue@f盛裴轩 ... [等] 编著
205    @a第2版
210    @a北京@c北京大学出版社@d2017重印
215    @a551页@c图@d26cm
300    @a普通高等教育“九五”教育部重点教材 普通高等教育“十一五”国家级规范教材
320    @a有书目
330    @a本书主要包括:大气概论;大气物理基础,包括大气辐射、大气热力学、大气动力学;大气边界层物理;云和降水物理学基础与大气电学;大气光学、GPS气象和大气声学,共5篇内容。
606 0  @a大气物理学@ADa Qi Wu Li Xue@x高等教育@j教材
690    @aP401@v5
701  0 @a盛裴轩@ASheng Pei Xuan@4编著
801  0 @aCN@b北京卓展文化@c20191020
905    @b1200123-5@dP401@e148=2@f3
    
    大气物理学/盛裴轩 ... [等] 编著.-第2版.-北京:北京大学出版社,2017重印
    551页:图;26cm
    普通高等教育“九五”教育部重点教材 普通高等教育“十一五”国家级规范教材
    
    ISBN 978-7-301-23235-4:CNY69.00
    本书主要包括:大气概论;大气物理基础,包括大气辐射、大气热力学、大气动力学;大气边界层物理;云和降水物理学基础与大气电学;大气光学、GPS气象和大气声学,共5篇内容。
●
相关链接 在E读中查询图书 在五车中查询图书 在当当中查询图书 在豆瓣中查询图书


正题名:大气物理学     索取号:P401/148=2         预约/预借

序号 登录号 条形码 馆藏地/架位号 状态 备注
1 1200123   212001233   第二样本阅览室/ [索取号:P401/148=2] 在馆    
2 1200124   212001242   第三借阅区/ [索取号:P401/148=2] 在馆    
3 1200125   212001251   第三借阅区/ [索取号:P401/148=2] 在馆    
唐山师范学院图书馆 欢迎您!
大连网信软件有限公司© 版权所有